Statistiques concernant Films avec Jamel Debbouze par image

Cliquez ici pour prendre le quiz!

Statistiques générales

  • Ce quiz a été pris 146 fois
  • Le résultat moyen est 6 sur 16

Statistiques - réponses

Réponse% Correct
Astérix et Obélix : Mission Cléopâtre
100%
Sur la piste du Marsupilami
98%
Alad'2
80%
Le Fabuleux Destin d'Amélie Poulain
53%
Pourquoi j'ai pas mangé mon père
53%
Hollywoo
51%
Le Nouveau Jouet
47%
La Vache
37%
Indigènes
35%
Le Ciel, les Oiseaux et... ta mère !
20%
Angel-A
12%
Le Boulet
11%
La Marche
10%
Hors-la-loi
7%
Né quelque part
5%
Citoyen d'honneur
3%

Distribution des résultats

Percentile par nombre de réponses

% des personnes avec chaque résultat

Votre développement - résultats

Vous n’avez pas pris ce quiz